<?xml version="1.0" encoding="UTF-8"?>
<record
    xmlns:xsi="http://www.w3.org/2001/XMLSchema-instance"
    xsi:schemaLocation="http://www.loc.gov/MARC21/slim http://www.loc.gov/standards/marcxml/schema/MARC21slim.xsd"
    xmlns="http://www.loc.gov/MARC21/slim">

  <leader>02325nab a2200253 uc4500</leader>
  <controlfield tag="001">776185</controlfield>
  <controlfield tag="003">OSt</controlfield>
  <controlfield tag="005">20240822090025.0</controlfield>
  <controlfield tag="008">020924s2002                        spa  </controlfield>
  <datafield tag="035" ind1=" " ind2=" ">
    <subfield code="a">776185</subfield>
  </datafield>
  <datafield tag="035" ind1=" " ind2=" ">
    <subfield code="a">(OCoLC)819990489</subfield>
  </datafield>
  <datafield tag="040" ind1=" " ind2=" ">
    <subfield code="c">comduadb</subfield>
  </datafield>
  <datafield tag="041" ind1=" " ind2=" ">
    <subfield code="a">spa</subfield>
  </datafield>
  <datafield tag="100" ind1="1" ind2="0">
    <subfield code="a">Restrepo Mesa, Sandra Luc&#xED;a</subfield>
    <subfield code="4">aut</subfield>
    <subfield code="e">aut</subfield>
    <subfield code="9">502381</subfield>
  </datafield>
  <datafield tag="245" ind1="1" ind2="0">
    <subfield code="a">Evaluacion antropometrica de la mujer gestante</subfield>
  </datafield>
  <datafield tag="520" ind1="3" ind2=" ">
    <subfield code="a">Objetivo: evaluar el estado nutricional de las gestantes asistentes al programa prenatal de la Empresa Social del Estado Hospital Gilberto Mej&#xED;a Mej&#xED;a del Municipio de Rionegro, por medio de indicadores antropom&#xE9;tricos (diciembre de 1998 y marzo de 1999). Metodolog&#xED;a: estudio descriptivo de corte transversal en 59 gestantes sanas con edades entre los 18 y 40 a&#xF1;os, en diferentes semanas de gestaci&#xF3;n. Para definir el perfil antropom&#xE9;trico se consideraron: el peso, la estatura, los pliegues de grasa, la altura uterina y la circunferencia muscular del brazo. Resultados: 54% de las gestantes presento sobrepeso u obesidad y el 21% presento d&#xE9;ficit de peso. Se encontr&#xF3; correlaci&#xF3;n estad&#xED;sticamente significativa y directamente proporcional entre el IMC y el porcentaje de adecuaci&#xF3;n de peso para la edad gestacional y entre el IMC y los pliegues de grasa corporal (P&lt;0.05). Conclusi&#xF3;n: un alto n&#xFA;mero de gestantes (75%) presentaron alteraci&#xF3;n de su estado nutricional, por d&#xE9;ficit o por exceso de peso, aspecto que puede afectar la salud de la madre durante el desarrollo de la gestaci&#xF3;n y poner en riesgo la salud actual y futura del ni&#xF1;o.  El an&#xE1;lisis estad&#xED;stico se realiz&#xF3; con los programas EPINFO 6.0 y el statistic4.0. El promedio y la desviaci&#xF3;n est&#xE1;ndar fueron utilizadas para describir las variables de inter&#xE9;s y se aplicaron pruebas de correlaci&#xF3;n para explorar una posible asociaci&#xF3;n entre variables cuantitativas.</subfield>
  </datafield>
  <datafield tag="650" ind1=" " ind2="7">
    <subfield code="a">Antropometr&#xED;a</subfield>
    <subfield code="2">lemb</subfield>
    <subfield code="9">5891</subfield>
  </datafield>
  <datafield tag="650" ind1=" " ind2=" ">
    <subfield code="a">Evaluacion nutricional en el embarazo</subfield>
    <subfield code="9">36933</subfield>
  </datafield>
  <datafield tag="700" ind1="1" ind2="0">
    <subfield code="a">Manjarr&#xE9;s Correa, Luz Mariela</subfield>
    <subfield code="4">aut</subfield>
    <subfield code="e">aut</subfield>
    <subfield code="9">291764</subfield>
  </datafield>
  <datafield tag="700" ind1="1" ind2="0">
    <subfield code="a">Arboleda G&#xF3;mez, Rubiela</subfield>
    <subfield code="4">aut</subfield>
    <subfield code="e">aut</subfield>
    <subfield code="9">487375</subfield>
  </datafield>
  <datafield tag="773" ind1="0" ind2=" ">
    <subfield code="t">Perspectivas en Nutrici&#xF3;n Humana (Medell&#xED;n)</subfield>
    <subfield code="g">N&#xFA;mero 06, Junio de 2002, p. 11-27</subfield>
    <subfield code="w">497762</subfield>
    <subfield code="x">0124-4108</subfield>
    <subfield code="0">122922</subfield>
  </datafield>
  <datafield tag="856" ind1="4" ind2=" ">
    <subfield code="u">https://bibliotecadigital.udea.edu.co/handle/10495/21412</subfield>
  </datafield>
  <datafield tag="942" ind1=" " ind2=" ">
    <subfield code="c">ARIMP</subfield>
    <subfield code="2">ddc</subfield>
  </datafield>
  <datafield tag="999" ind1=" " ind2=" ">
    <subfield code="c">264526</subfield>
    <subfield code="d">264526</subfield>
  </datafield>
</record>
